000 00576nam a2200193 i 4500
001 21867
003 ES-MaACL
005 20230906152548.0
007 t|
008 021128s1929 sp ||||1| spa d
100 1 _aAlemán, Mateo.
_919715
245 1 0 _aGuzmán de Alfarache
_b: atalaya de la vida humana /
_cMateo Alemán.
260 _aMadrid :
_b[s.n.,
_c1929] (
_fYagües)
300 _a610 p. ;
_c20 cm.
490 1 _aColección de autores regocijados
830 0 _aColección de autores regocijados
_9228970
852 _aES-MaACL
_jB-6243
999 _c21867
_d21867